000 00510 a2200169 4500
003 OSt
005 20230920121956.0
008 230920b |||||||| |||| 00| 0 eng d
020 _a9788173045615
040 _coclc
082 _a954
_bSHA/C
245 _aA Comprehensive history of India
_bVol. IV Part 2 /
_cEdited by R S Sharma, K M Shrimali
260 _aNew Delhi:
_bManohar,
_c2023.
300 _a975 p
700 _aSharma, R S
_96089
942 _2ddc
_cBK
_h954
_iSHA/C
_k954
_mSHA/C
999 _c42276
_d42276